000 00787nam a2200229Ii 4500
003 JO-AjNU
008 230605s9999||||xx |||||||||||||| ||und||
017 _a2010/5/1795
020 _a978-9957-24-626-6
040 _aJO-AjNU
_bara
_erda
_cJO-AjNU
041 _aara
050 1 4 _aHQ 809 .B336 2011
100 3 _aبحري، منى يونس / م.مشارك: نازك عبدالحليم قطيشات,
_eauthor
_929928
245 0 0 _aالعنف الاسري
250 _aط1
264 3 1 _aعمان: دار صفاء للنشر والتوزيع، 2011
300 _a294ص
_bيحتوي ببلوغرافية من ص 289-294ص
336 _atext
_btxt
_2rdacontent
337 _aunmediated
_bn
_2rdamedia
338 _avolume
_bnc
_2rdacarrier
650 4 _aالعنف الاسري
_929929
999 _aA11801
_c15369
_d15369